Normal view
MARC view
Entry Topical Term
001 - CONTROL NUMBER
- control field: 10695
003 - CONTROL NUMBER IDENTIFIER
- control field: ARRUPE
005 - DATE AND TIME OF LATEST TRANSACTION
- control field: 20140606150213.0
008 - FIXED-LENGTH DATA ELEMENTS
- fixed length control field: 140606|| aca||aabn | a|a d
040 ## - CATALOGING SOURCE
- Original cataloging agency: ARRUPE
- Transcribing agency: ARRUPE
150 ## - HEADING--TOPICAL TERM
- Topical term or geographic name as entry element: Sex education
670 ## - SOURCE DATA FOUND
- Source citation: Work cat.: (ARRUPE): Blake, Simon and Katrak, Zarine 10693, Faith, Values and Sex and Relationships Education, 2002